LEADER 03096nam 22007453u 450 001 9910456427003321 005 20210108065354.0 010 $a0-87421-354-1 010 $a0-585-16433-9 035 $a(CKB)111004365689108 035 $a(EBL)771251 035 $a(OCoLC)44961072 035 $a(SSID)ssj0000217091 035 $a(PQKBManifestationID)11209823 035 $a(PQKBTitleCode)TC0000217091 035 $a(PQKBWorkID)10215814 035 $a(PQKB)10482993 035 $a(MiAaPQ)EBC3442868 035 $a(EXLCZ)99111004365689108 100 $a20130418d2000|||| u|| | 101 0 $aeng 135 $aur|n|---||||| 181 $ctxt 182 $cc 183 $acr 200 10$aOver The Rim$b[electronic resource] 210 $aLogan $cUtah State University Press$d2000 215 $a1 online resource (281 p.) 300 $aDescription based upon print version of record. 311 $a0-87421-281-2 327 $aContents; Preface; Introduction; The Journals; The Official Report; Epilogue; Appendices; Bibliography; Index 330 $aOver the Rim is the first book about an important but little-known expedition sent by Brigham Young to explore southern Utah. Led by Mormon apostle Parley P. Pratt, the party traveled from Salt Lake City south across the rim of the Great Basin to the Virgin River near future St. George. They brought back to Mormon leaders their first detailed portrait of the country to the south that the church planned to settle.By 1849, the new Mormon settlement at Great Salt Lake City was taking on an air of permanence as companies of Latter-day Saints continued to arrive. Brigham Young and other leaders nee 606 $aMormons - Utah - History - 19th century 606 $aMormons -- Utah -- History -- 19th century 606 $aPratt, Parley P 606 $aPratt, Parley P. (Parley Parker), 1807-1857 606 $aUtah - Discovery and exploration 606 $aUtah -- Discovery and exploration 606 $aMormons$xHistory$y19th century$zUtah 606 $aUnited States Local History$2HILCC 606 $aRegions & Countries - Americas$2HILCC 606 $aHistory & Archaeology$2HILCC 608 $aElectronic books. 615 4$aMormons - Utah - History - 19th century. 615 4$aMormons -- Utah -- History -- 19th century. 615 4$aPratt, Parley P. 615 4$aPratt, Parley P. (Parley Parker), 1807-1857. 615 4$aUtah - Discovery and exploration. 615 4$aUtah -- Discovery and exploration. 615 0$aMormons$xHistory 615 7$aUnited States Local History 615 7$aRegions & Countries - Americas 615 7$aHistory & Archaeology 676 $a979.2/01 676 $a979.201 700 $aSmart$b William B$g(William Buckwalter),$f1922-2018.$0890186 702 $aSmart$b Donna Toland 702 $aSmart$b William B$g(William Buckwalter),$f1922-2018. 801 0$bAU-PeEL 801 1$bAU-PeEL 801 2$bAU-PeEL 906 $aBOOK 912 $a9910456427003321 996 $aOver The Rim$91988630 997 $aUNINA LEADER 02607 am 22006973u 450 001 9910140255303321 005 20230621141101.0 035 $a(CKB)2670000000550249 035 $a(MARCnow)har130626172 035 $a(MH)014002108-6 035 $a(WaSeSS)IndRDA00059314 035 $a(oapen)https://directory.doabooks.org/handle/20.500.12854/26129 035 $a(EXLCZ)992670000000550249 100 $a20140505h20142014 uy 0 101 0 $ager 135 $aurm|#|||||||| 181 $ctxt$2rdacontent 182 $cc$2rdamedia 183 $acr$2rdacarrier 200 14$aDas Wiener Stadtzeichnerbuch 1678-1685 $eein Bettlerverzeichnis aus einer frühneuzeitlichen Stadt /$fSarah Pichlkastner 210 $cBöhlau$d2014 210 1$aWien, Austria :$cBöhlau,$d2014. 210 4$d©2014 215 $a1 online resource (415 pages )$cillustrations ; digital file(s) 225 1 $aQuelleneditionen des Instituts für Österreichische Geschichtsforschung,$x2227-2356 ;$vBd. 12 311 $a3-205-79521-0 320 $aIncludes bibliographical references, sources, glossary and index. 330 $aNicht nur in der Gegenwart, sondern auch in der Vergangenheit spielte das Thema BettlerInnen in Wien eine wichtige Rolle. Zwischen 1443 und 1693 wurde das Betteln in Wien mittels obrigkeitlicher Bettelzeichen (?Stadtzeichen") beschra?nkt. Erhalten gebliebene Bettlerverzeichnisse aus dem 16. und 17. Jahrhundert bieten Einblick in die Lebenswelten der ?gekennzeichneten" Menschen. 410 0$aQuelleneditionen des Instituts für Österreichische Geschichtsforschung ;$vBd. 12. 606 $aBeggars$zAustria$zVienna$xHistory 606 $aBeggars$zAustria$zVienna$vDirectories 606 $aPoverty$zAustria$zVienna$xHistory 610 $abeggars 610 $abeggars ? directory 610 $apoverty 610 $apoor relief 610 $asource edition 610 $aVienna 610 $aEarly Modern Period 610 $aBettler 610 $aBettlerverzeichnis 610 $aArmut 610 $aArmenfürsorge 610 $aQuellenedition 610 $aWien 610 $aFrühe Neuzeit 610 $aDépartement Ain 610 $aKhan 610 $aWitwer 615 0$aBeggars$xHistory. 615 0$aBeggars 615 0$aPoverty$xHistory. 676 $a305.569094361309032 700 $aPichlkastner$b Sarah$0802483 801 0$bNyNyMAR 801 1$bNyNyMAR 801 2$bUkMaJRU 906 $aBOOK 912 $a9910140255303321 996 $aDas Wiener Stadtzeichnerbuch 1678-1685$92226476 997 $aUNINA